[Event "Reykjavik Open 2026"]
[Site "Reykjavik"]
[Date "2026.03.31"]
[Round "9.74"]
[White "Bartczak, Korneliusz"]
[Black "Gudnyjarson, Sigurdur Pall"]
[Result "½-½"]
[WhiteElo "2120"]
[WhiteFideId "2523558"]
[BlackElo "1856"]
[BlackFideId "2321637"]
[Variant "Standard"]

1. e4 c6 2. d4 d5 3. Nd2 dxe4 4. Nxe4 Nf6 5. Nxf6+ exf6 6. c3 Bd6 7. Bd3 O-O 8. Qc2 Re8+ 9. Ne2 h5 10. Be3 Nd7 11. O-O-O Nf8 12. Kb1 Be6 13. c4 b5 14. c5 Bc7 15. h3 Bd5 16. Rhg1 Bh2 17. Rh1 Bc7 18. Rhg1 Bh2 19. Rh1 Bc7 ½-½

[Event "Reykjavik Open 2026"]
[Site "Reykjavik"]
[Date "2026.03.31"]
[Round "9.115"]
[White "Bartlett, Aiden Emerson"]
[Black "Niori, Toma"]
[Result "0-1"]
[WhiteElo "1919"]
[WhiteFideId "39922405"]
[BlackElo "1639"]
[BlackFideId "7006519"]
[Variant "Standard"]

1. e4 c5 (1... e5 2. Nf3 Nc6 3. Bc4 Nf6 4. d3 Bc5) 2. Nf3 Nc6 3. d4 cxd4 4. Nxd4 Nf6 5. Nc3 d6 6. h3 g6 7. Be3 Bg7 8. Qd2 Bd7 9. Be2 a6 10. Bf3 Ne5 11. Be2 Rc8 12. Bh6 O-O 13. Bxg7 Kxg7 14. O-O Nc4 15. Bxc4 Rxc4 16. Kh1 Qb6 17. Nb3 Be6 18. Nd5 Bxd5 19. exd5 Qb5 20. Rad1 Rfc8 21. c3 a5 22. Rfe1 R8c7 23. Re3 a4 24. Nc1 R4c5 25. Rd3 Ne4 26. Qe1 Nf6 27. Qd2 Ne4 28. Qf4 Rc4 29. Rd4 Rxd4 30. Rxd4 Nf6 31. Qd2 Rc5 32. Nd3 Rc4 33. Nb4 Rxd4 34. Qxd4 Qe2 35. c4 Qe1+ 36. Kh2 Qxb4 37. a3 Qc5 38. Qf4 b5 39. cxb5 Qxb5 40. Qd4 Kg8 41. g3 Nxd5 42. Qg4 Qxb2 43. Qf3 Nc3 44. Qe3 Nd1 0-1

[Event "Reykjavik Open 2026"]
[Site "Reykjavik"]
[Date "2026.03.31"]
[Round "9.145"]
[White "Carr, Jay"]
[Black "Tsai, Nicholas"]
[Result "½-½"]
[WhiteElo "1805"]
[WhiteFideId "30922690"]
[BlackElo "1564"]
[BlackFideId "39954811"]
[Variant "Standard"]

1. Nf3 d6 2. d4 Nf6 3. b3 g6 4. Bb2 Bg7 5. e3 Nbd7 6. Be2 b6 7. O-O O-O 8. c4 Re8 9. Qc2 e5 10. dxe5 Nxe5 11. Nxe5 dxe5 12. Nc3 e4 13. Rad1 Qe7 14. Nb5 a6 15. Ba3 Qe5 16. Bb2 Qe7 17. Ba3 Qe5 18. Bb2 Qe7 ½-½

[Event "Reykjavik Open 2026"]
[Site "Reykjavik"]
[Date "2026.03.31"]
[Round "9.168"]
[White "Gilsson, Asmund"]
[Black "Erlendsson Weinert, Robin Peter"]
[Result "0.5-0.5"]
[WhiteElo "1727"]
[WhiteFideId "1541242"]
[BlackElo "1442"]
[BlackFideId "2330954"]
[Variant "Standard"]

1. d4 Nf6 2. c4 g6 3. Nc3 d5 4. e3 Bg7 5. Nf3 O-O 6. cxd5 Nxd5 7. Qb3 e6 8. Be2 c5 9. O-O cxd4 10. Nxd4 Nc6 11. Rd1 Nxd4 12. exd4 b6 13. Bf3 Bb7 14. Bxd5 Bxd5 15. Nxd5 Qxd5 16. Qxd5 exd5 17. Be3 Rac8 18. Rac1 Rfe8 19. Kf1 f5 20. g3 Kf7 21. Ke2 Ke6 22. Kd3 Kd7 23. b3 Rxc1 24. Rxc1 Rc8 25. Re1 Re8 26. Rc1 Rc8 27. Re1 0.5-0.5